000 00431pab a2200157 454500
008 180718b2006 xxu||||| |||| 00| 0 eng d
100 _aDuarate, Fernanda
245 _aExploring the interpersonal transaction of the Brazilian Jeitinho in bureaucratic contexts
260 _c2006
300 _ap.509-27.
362 _aJul
650 _aBureaucracy - Brazil
650 _aBureaucracy
773 _aOrganization
909 _a71125
999 _c71125
_d71125